000
00182 a2200097 4500
020
_a
9788489367876
041
_a
spa
100
_a
Cronin justin
245
_a
El pasaje
942
_c
BK
999
_c
10949
_d
10949